000 01029cam a2200265 a 4500
001 1181970
003 NUST - PNEC
005 20170116181134.0
008 970722s1998 njua b 001 0 eng
010 _a 97034025
020 _a0135705657
040 _aDLC
_cLIBRARY
_dDLC
050 0 0 _aTP155.7
_b.A53 1998
082 0 0 _a660.2812 TUR
_221
100 _914144
_a Turton, Richard
245 0 0 _aAnalysis, synthesis, and design of chemical processes /
_cRichard Turton ... [et al.].
260 _aUpper Saddle River, N.J. :
_bPrentice Hall PTR,
_cc1998.
300 _axxv, 814 p. :
_bill. ;
_c25 cm. +
_e1 computer optical disc (4 3/4 in.)
500 _aFour folded plates in pocket.
500 _aIncludes index.
650 0 _aChemical processes.
_xGeneral
700 1 _aTurton, Richard,
_d1955-
942 _2ddc
_cBK
999 _c70122
_d70122